Stations du RER D sur une carte - Statistiques

Statistiques générales
  • Ce quiz a été pris 1 226 fois
  • Le résultat moyen est 32 sur 59
Réponses sur la Carte
Les réponses sont colorées sur une échelle allant du rouge au vert en fonction du pourcentage des utilisateurs qui les ont devinées à leur premier essai. Vous pouvez retrouver ces pourcentages ci-dessous.
 
Statistiques - réponses
Station % Correct
Châtelet - Les Halles
94%
Paris-Gare-de-Lyon
94%
Paris-Gare du Nord
93%
Melun
89%
Stade de France - Saint-Denis
88%
Corbeil-Essonnes
84%
Créteil-Pompadour
84%
Maisons-Alfort - Alfortville
84%
Saint-Denis
83%
Creil
81%
Juvisy
80%
Villeneuve-Saint-Georges
78%
Évry-Courcouronnes
74%
Garges - Sarcelles
73%
Goussainville
72%
Grigny-Centre
67%
Villeneuve-Triage
67%
Villiers-le-Bel - Gonesse - Arnouville
67%
Pierrefitte - Stains
65%
Le Vert de Maisons
63%
Yerres
63%
Malesherbes
62%
Orry-la-Ville - Coye
62%
Lieusaint - Moissy
60%
Brunoy
59%
Montgeron - Crosne
57%
Ris-Orangis
57%
Combs-la-Ville - Quincy
56%
Le Bras de Fer - Évry - Génopole
55%
Viry-Châtillon
55%
Savigny-le-Temple - Nandy
54%
Vigneux-sur-Seine
54%
Le Mée
53%
Boussy-Saint-Antoine
50%
Louvres
49%
Cesson
44%
Chantilly - Gouvieux
44%
Orangis - Bois de l'Épine
44%
Évry-Val-de-Seine
43%
Survilliers - Fosses
41%
Les Noues
40%
La Borne Blanche
37%
Essonnes - Robinson
35%
Mennecy
35%
Villabé
33%
Saint-Fargeau
32%
Grand Bourg
31%
Ballancourt
30%
La Ferté-Alais
30%
Ponthierry - Pringy
30%
Moulin-Galant
28%
Vosves
28%
Buno - Gironville
26%
Le Coudray-Montceaux
26%
Maisse
26%
Boigneville
25%
Boutigny
25%
Le Plessis-Chenet
22%
Boissise-le-Roi
21%
Aucun quiz correspondant
Distribution des résultats
% des personnes avec chaque résultat
Percentile par nombre de réponses
Votre historique - résultats
Vous n’avez pas pris ce quiz